| 000 | 00677nam a2200193 i 4500 | ||
|---|---|---|---|
| 001 | 119255 | ||
| 003 | ES-MaACL | ||
| 005 | 20251015063125.0 | ||
| 007 | t| | ||
| 008 | 070214s1905 sp r ||||1| spa d | ||
| 100 | 1 |
_aPhilippe, Jean, _d1862-1931 _991673 |
|
| 245 | 1 | 4 |
_aLes anomalies mentales chez les écoliers _b: étude médico-pédogogique / _cpar Jean Philippe, Georges Paul-Boncour. |
| 260 |
_aParis : _b[s.n.], _c1905 ( _fImp. E. Arrault) |
||
| 300 |
_a158 p. ; _c18 cm. |
||
| 650 | 4 |
_aNiños con discapacidad mental- _xPsicología. _9144033 |
|
| 700 | 1 |
_aPaul-Boncour, Georges ( _d1866-1934) _989635 |
|
| 852 |
_aES-MaACL _jF-11709 |
||
| 999 |
_c119255 _d119255 |
||